000 00982nam a22002535i 4500
001 176992
003 ES-MaACL
005 20230906220228.0
008 110223s1963 sz bd |||| | spa d
080 _a27-72(72)
100 1 _aRamos, Rutilio.
_9145334
245 1 3 _aLa Iglesia en México
_b: estructuras eclesiásticas /
_cpor Rutilio Ramos, Isidoro Alonso y Domingo Garre.
260 _aFriburgo :
_bOficina Internacional de Investigaciones Sociales de Feres,
_c1963.
300 _a119 p. :
_bil. ;
_c22 cm.
490 1 _aEstudios socio-religiosos latino-americanos ;
_v7
504 _aBibliografía: p. 99.
651 4 _aMéxico-
_xHistoria eclesiástica.
_9145336
700 1 _aAlonso, Isidoro.
_920207
700 1 _aGarre, Domingo.
_9145335
710 2 _aOficina Internacional de Investigaciones Sociales.
_9172476
830 0 _aEstudios socio-religiosos latino-americanos ;
_v7
_9183494
852 _aES-MaACL
_jE-14407
_xOlim P-1014-bis
999 _c176992
_d176992